000 00784nas a2200253 4500
001 BR2012002918
003 BR-BrBNA
005 20231205120451.0
007 ta
008 230509b bl.|||p| |||| 00| 00por d
040 _aBR-BrBNA
_bpor
_cBiblioteca Nacional de Agricultura
041 _a(Pt)
072 _aL53
100 1 _aMenarim Júnior, A.
245 1 _aDesenvolvimento de incubadora portátil para a maturação in vitro de oócitos bovinos
650 _aBOVINO
650 _aREPRODUÇÃO ANIMAL
650 _aÓVULO
650 _aFECUNDAÇÃO
650 _aMATURAÇÃO
773 0 _tPesquisa Veterinária Brasileira (Brazil)
_xISSN 0101-9163
_g(Nov-Dec 2003), v. 23(136) p. 49-53
_wBR2012002918
909 _a202311
_bLúcia
_c55
_dLúcia Elande
942 _2AGRIS
_n0
_cANA
999 _c218655
_d218655